|
|
|
|
| LEADER |
00626nta a2200157 i 4500 |
| 001 |
dipl26635 |
| 005 |
20130314084255.0 |
| 008 |
110920s2001 hu om 0|| zxx d |
| 040 |
|
|
|a SZTE Diploma Repozitórium
|b hun
|
| 041 |
|
|
|a zxx
|
| 100 |
1 |
|
|a Szepesi Judit
|
| 245 |
1 |
2 |
|a A közlekedési bűncselekmények (különösen a vasúti közlekedés biztonságát veszélyeztető bűncselekmények)
|h [elektronikus dokumentum] /
|c Judit Szepesi
|
| 260 |
|
|
|c 2001
|
| 650 |
|
4 |
|a Jogi és igazgatási tanulmányok
|
| 700 |
1 |
|
|a Kereszty Béla
|e ths
|
| 856 |
4 |
0 |
|u http://diploma.bibl.u-szeged.hu/id/eprint/26635/1/2001_szepesi_judit.pdf
|z Dokumentum-elérés
|